000 00867 a2200205 4500
003 Nust
005 20221219111612.0
010 _a 87000903
020 _a0123557607 (alk. paper)
040 _cNust
082 0 0 _a621.38275,OPT
245 0 0 _aOptical signal processing /
_cedited by Joseph L. Horner.
260 _aSan Diego :
_bAcademic Press,
_cc1987.
300 _axiii, 569 p., [4] p. of plates :
_bill. (some col.) ;
_c24 cm.
505 _aWhite-Light Processors (Page-1), Pattern Recognition (Page-73), Temporal Signal Processing (Page-163), Nonlinear Optical processors (Page-243), Transformations (Page-279), Optical Numerical Processing (Page-387), Devices and Components with Applications (Page-429).
650 0 _aOptical data processing.
_934983
650 0 _aTelecommunication Engineering
700 1 _aHorner, Joseph L.
_9105181
942 _2ddc
_cBK
999 _c182945
_d182945